000 00726nam a2200241 a 4500
008
020 _a1844800245 (pbk.)
049 _aMAIN
090 0 1 _aHD39.5
_bWEE
100 1 _aWeele, Arjan J. Van.
245 1 0 _aPurchasing and supply chain management :
_banalysis, strategy, planning and practice/
_cArjan J. Van Weele.
250 _a4th ed.
260 _aLondon :
_bThomson Learning,
_c2005.
300 _axxvi, 364 p. ;
_c26 cm
500 _aIncludes index.
504 _aIncludes bibliographical references.
650 _aPurchasing.
907 _a.b10309627
_b25-04-12
_c28-02-12
003
005 20230123125414.0
040 _cNUST
942 _cBOOKS
_kHD39.5
_mWEE
999 _c140965
_d140965